[Event "XXXI Festival A"]
[Site "Arco ITA"]
[Date "2009.10.17"]
[Round "1"]
[White "Ager, Josef"]
[Black "Weinberg, Emanuele"]
[Result "1-0"]
[WhiteElo "2226"]
[BlackElo "1874"]
[PlyCount "42"]
[EventDate "2009.10.17"]

1. Nf3 Nf6 2. g3 g6 3. Bg2 Bg7 4. O-O O-O 5. d4 d5 6. c4 c6 7. Nc3 Nbd7 8. cxd5
cxd5 9. Qb3 Qb6 10. Nxd5 Qxb3 11. Nxe7+ Kh8 12. axb3 Re8 13. Nxc8 Raxc8 14. e3
a6 15. Bd2 Ne4 16. Rfc1 Nxd2 17. Nxd2 b5 18. Bc6 Re7 19. Bxd7 Rxc1+ 20. Rxc1
Rxd7 21. Rc8+ Bf8 1-0

[Event "XXXI Festival A"]
[Site "Arco ITA"]
[Date "2009.10.17"]
[Round "1"]
[White "Arakhamia-Grant, Ketevan"]
[Black "Fortunato, Vito"]
[Result "1-0"]
[WhiteElo "2499"]
[BlackElo "1913"]
[PlyCount "63"]
[EventDate "2009.10.17"]

1. e4 c5 2. Nf3 Nc6 3. d4 cxd4 4. Nxd4 g6 5. c4 Nf6 6. Nc3 Bg7 7. Nc2 O-O 8.
Be2 d6 9. O-O Nd7 10. Bd2 Nc5 11. f3 Qb6 12. Kh1 Nd4 13. Nxd4 Bxd4 14. Rb1 f5
15. Nd5 Qd8 16. Bg5 Bf6 17. Nxf6+ exf6 18. Bf4 fxe4 19. Bxd6 exf3 20. Bxf3 Ne6
21. Bxf8 Qxd1 22. Rbxd1 Kxf8 23. Bd5 Kg7 24. Bxb7 Rb8 25. Bxc8 Rxc8 26. Rd7+
Kh6 27. b3 f5 28. Rxa7 Rd8 29. h3 Rd2 30. b4 Rd4 31. Rc1 Nf4 32. b5 1-0

[Event "XXXI Festival A"]
[Site "Arco ITA"]
[Date "2009.10.17"]
[Round "1"]
[White "Bernardi, Ruben"]
[Black "Salati, Paolo"]
[Result "1-0"]
[WhiteElo "2162"]
[BlackElo "1866"]
[PlyCount "97"]
[EventDate "2009.10.17"]

1. e4 Nf6 2. Nc3 d5 3. e5 d4 4. exf6 dxc3 5. fxg7 cxd2+ 6. Bxd2 Bxg7 7. Qf3 Qd6
8. c3 Nc6 9. Be2 Bd7 10. Rd1 Qe6 11. Nh3 Bf6 12. Nf4 Qe5 13. Nd5 O-O-O 14. Bf4
Qe6 15. O-O Be5 16. Bc4 Qg4 17. Nxe7+ Nxe7 18. Qxg4 Bxg4 19. Rxd8+ Rxd8 20.
Bxe5 Nc6 21. Bf4 Bh5 22. f3 Bg6 23. Re1 a6 24. Kf2 b5 25. Bf1 Bd3 26. Bg5 Rd5
27. Bxd3 Rxd3 28. Re8+ Kb7 29. Rh8 Rd5 30. Bf4 h5 31. Rh7 Nd8 32. Ke3 Kc6 33.
h4 Kd7 34. Ke4 Rd1 35. Rxh5 Re1+ 36. Be3 Re2 37. Rd5+ Ke7 38. Rd2 Re1 39. Kd3
Ne6 40. Re2 Rd1+ 41. Kc2 Rd5 42. g4 f6 43. f4 Kf7 44. f5 Nf8 45. Bf4 c6 46. Rd2
Rd7 47. g5 fxg5 48. hxg5 Re7 49. Bd6 1-0

[Event "XXXI Festival A"]
[Site "Arco ITA"]
[Date "2009.10.17"]
[Round "1"]
[White "Blasco, Domenico"]
[Black "Trimarchi, Giuseppe"]
[Result "1-0"]
[WhiteElo "1984"]
[BlackElo "1722"]
[PlyCount "53"]
[EventDate "2009.10.17"]

1. d4 d5 2. Nf3 Nf6 3. e3 e6 4. Bd3 Bd6 5. Nbd2 Nbd7 6. O-O O-O 7. c3 Re8 8. e4
dxe4 9. Nxe4 Nxe4 10. Bxe4 c6 11. Bg5 Qc7 12. Re1 e5 13. dxe5 Nxe5 14. Nxe5
Bxe5 15. f4 f5 16. Bc2 h6 17. Bh4 g5 18. fxe5 gxh4 19. Qh5 Be6 20. Bxf5 Qg7 21.
Bxe6+ Rxe6 22. Qxh4 Rae8 23. Qh5 Rxe5 24. Qxe8+ Rxe8 25. Rxe8+ Kh7 26. Rae1 Kg6
27. R1e7 1-0

[Event "XXXI Festival A"]
[Site "Arco ITA"]
[Date "2009.10.17"]
[Round "1"]
[White "Bonade', Massimo"]
[Black "Pedrotti, Luciano"]
[Result "1-0"]
[WhiteElo "2097"]
[BlackElo "1829"]
[PlyCount "73"]
[EventDate "2009.10.17"]

1. d4 Nf6 2. c4 e6 3. Nc3 Bb4 4. e3 O-O 5. Nge2 c5 6. a3 cxd4 7. exd4 Be7 8. d5
exd5 9. cxd5 Bd6 10. g3 Re8 11. Bg2 Na6 12. O-O Nc7 13. Nd4 Be5 14. Be3 d6 15.
h3 Bd7 16. Qd2 a6 17. Rac1 Rc8 18. Rfd1 Na8 19. f4 Bxd4 20. Qxd4 Rc7 21. Kh2 b5
22. Na2 Qe7 23. Bf2 Rec8 24. Re1 Qf8 25. Rxc7 Rxc7 26. Nb4 Bc8 27. Qd3 Bb7 28.
g4 Rc4 29. Bd4 Nd7 30. Nc6 Nc7 31. b3 Nc5 32. Bxc5 Rxc5 33. Ne7+ Kh8 34. h4 a5
35. h5 h6 36. g5 Ne8 37. Qf5 1-0

[Event "XXXI Festival A"]
[Site "Arco ITA"]
[Date "2009.10.17"]
[Round "1"]
[White "Bonagura, Stefano"]
[Black "Sigmund, Ingenuin"]
[Result "1-0"]
[WhiteElo "2086"]
[BlackElo "1825"]
[PlyCount "79"]
[EventDate "2009.10.17"]

1. d4 Nf6 2. Nf3 e6 3. g3 d5 4. Bg2 c5 5. O-O Nc6 6. c4 cxd4 7. Nxd4 Bc5 8. Nb3
Be7 9. cxd5 exd5 10. Nc3 Be6 11. Bg5 O-O 12. Nd4 Qb6 13. Nxe6 fxe6 14. Bh3 Ne5
15. Be3 Qa6 16. Qa4 Kf7 17. Qxa6 bxa6 18. Na4 Nc4 19. Bc5 Rfc8 20. Bd4 Rc6 21.
b3 Nb6 22. Nb2 Rac8 23. Nd3 Bd6 24. f4 Rc2 25. e3 g6 26. Ne5+ Ke7 27. Nf3 Nbd7
28. Ng5 Nf8 29. Bxa7 Bc5 30. Bxc5+ R8xc5 31. Nf3 Re2 32. Rfe1 Rcc2 33. Nd4
Rxe1+ 34. Rxe1 Rxa2 35. Rc1 Ne8 36. Rc6 Ng7 37. Bf1 a5 38. Rc7+ Kf6 39. g4 g5
40. fxg5+ 1-0

[Event "XXXI Festival A"]
[Site "Arco ITA"]
[Date "2009.10.17"]
[Round "1"]
[White "Bonanzinga, Corrado"]
[Black "Del Nevo, Claudio"]
[Result "1-0"]
[WhiteElo "2136"]
[BlackElo "1858"]
[PlyCount "51"]
[EventDate "2009.10.17"]

1. e4 d6 2. d4 Nf6 3. Nc3 g6 4. f4 Bg7 5. Nf3 O-O 6. Be3 Ng4 7. Bg1 c6 8. h3
Nf6 9. Qd2 b5 10. Bd3 b4 11. Ne2 a5 12. O-O-O Ba6 13. e5 Nd5 14. g4 Bxd3 15.
Qxd3 e6 16. h4 a4 17. h5 a3 18. b3 dxe5 19. dxe5 Qa5 20. hxg6 fxg6 21. Rxh7 Ne7
22. Ng5 Na6 23. Qh3 Rf7 24. Nxf7 Kxf7 25. Rd7 Re8 26. Qh6 1-0

[Event "XXXI Festival A"]
[Site "Arco ITA"]
[Date "2009.10.17"]
[Round "1"]
[White "Bondielli, Giorgio"]
[Black "Mulone, Gaspare"]
[Result "1-0"]
[WhiteElo "1922"]
[BlackElo "1394"]
[PlyCount "67"]
[EventDate "2009.10.17"]

1. e4 e6 2. d4 d6 3. Nf3 g6 4. Bd3 Bg7 5. c3 Nd7 6. O-O Bh6 7. Bxh6 Nxh6 8. Qd2
Ng8 9. Na3 Nb6 10. Nc2 Bd7 11. Rad1 Qe7 12. Rfe1 O-O-O 13. b3 Qf8 14. a4 Kb8
15. a5 Nc8 16. b4 Qe8 17. c4 Nge7 18. b5 c6 19. Qb4 cxb5 20. cxb5 d5 21. e5 Nf5
22. Nd2 Qe7 23. Qb2 h5 24. Nb3 h4 25. Nc5 Be8 26. b6 a6 27. Bxa6 bxa6 28. Nxa6+
Kb7 29. Nc5+ Kb8 30. a6 Bc6 31. Rb1 h3 32. g3 Na7 33. bxa7+ Kxa7 34. Qb6+ 1-0

[Event "XXXI Festival A"]
[Site "Arco ITA"]
[Date "2009.10.17"]
[Round "1"]
[White "Borgo, Giulio"]
[Black "Rigo, Marco"]
[Result "1-0"]
[WhiteElo "2434"]
[BlackElo "1908"]
[PlyCount "57"]
[EventDate "2009.10.17"]

1. e4 c5 2. Nf3 Nc6 3. Bb5 a6 4. Bxc6 bxc6 5. b3 d6 6. O-O Bg4 7. h3 Bh5 8. Re1
e5 9. c3 Be7 10. Bb2 Qb6 11. Na3 a5 12. d4 cxd4 13. cxd4 f6 14. Nc4 Qb7 15. Ba3
d5 16. exd5 Bxa3 17. dxc6 Qb4 18. dxe5 Ne7 19. Qd7+ Kf8 20. exf6 gxf6 21. Qe6
Kg7 22. Nxa3 Nxc6 23. Qxc6 Qxa3 24. Qb7+ Kh6 25. Nd4 Bg6 26. Ne6 Rhg8 27. Qf3
Bd3 28. Qxf6+ Kh5 29. Nf4# 1-0

[Event "XXXI Festival A"]
[Site "Arco ITA"]
[Date "2009.10.17"]
[Round "1"]
[White "Bottesi, Gianluca"]
[Black "Wagner, Frank"]
[Result "1/2-1/2"]
[WhiteElo "1559"]
[BlackElo "1929"]
[PlyCount "49"]
[EventDate "2009.10.17"]

1. d4 Nf6 2. c4 g6 3. Nc3 Bg7 4. Bf4 d6 5. e3 O-O 6. Bd3 Nbd7 7. Nge2 b6 8. Qc2
Bb7 9. f3 e5 10. Bg5 exd4 11. exd4 Re8 12. O-O-O c5 13. d5 Ne5 14. h4 Nxd3+ 15.
Qxd3 Qd7 16. Ne4 Nxe4 17. fxe4 Qa4 18. Nc3 Qb4 19. Bd2 Ba6 20. b3 Qa3+ 21. Kb1
Rab8 22. Bc1 Qb4 23. Bd2 Qa3 24. Bc1 Qa5 25. Bd2 1/2-1/2

[Event "XXXI Festival A"]
[Site "Arco ITA"]
[Date "2009.10.17"]
[Round "1"]
[White "Buck, Klaus-Michael"]
[Black "Knors, Rudi"]
[Result "0-1"]
[WhiteElo "1837"]
[BlackElo "2113"]
[PlyCount "94"]
[EventDate "2009.10.17"]

1. b4 d5 2. Bb2 Qd6 3. a3 e5 4. e3 Nf6 5. c4 c6 6. Qb3 Be6 7. Nf3 Nbd7 8. Ng5
Be7 9. Nxe6 fxe6 10. b5 O-O 11. Be2 e4 12. a4 Qc7 13. h3 Rf7 14. O-O Raf8 15.
d4 exd3 16. Qxd3 Ne4 17. f4 Ndc5 18. Qd1 g5 19. Bh5 Rf6 20. Be5 Qxe5 21. fxe5
Rxf1+ 22. Qxf1 Rxf1+ 23. Kxf1 Ng3+ 24. Kf2 Nce4+ 25. Kf3 Nxh5 26. g4 Ng7 27.
cxd5 exd5 28. Ra2 Bb4 29. Rb2 c5 30. Rb3 Kf7 31. Ke2 Ke6 32. Na3 Kxe5 33. Nc2
Ba5 34. Ne1 Bxe1 35. Kxe1 Ne6 36. a5 c4 37. Ra3 N6c5 38. Ra2 Nd3+ 39. Kf1 Nc3
40. b6 a6 41. Rc2 d4 42. Kg1 Ke4 43. exd4 Kxd4 44. Rh2 Ne4 45. Ra2 c3 46. Ra4+
Ke3 47. Rc4 Ndc5 0-1

[Event "XXXI Festival A"]
[Site "Arco ITA"]
[Date "2009.10.17"]
[Round "1"]
[White "Burani, Eugenio"]
[Black "Mazza, Maurizio"]
[Result "1-0"]
[WhiteElo "1948"]
[BlackElo "1677"]
[PlyCount "43"]
[EventDate "2009.10.17"]

1. e4 e5 2. Nf3 Nc6 3. Bc4 Bc5 4. c3 Nf6 5. d3 O-O 6. O-O d5 7. exd5 Nxd5 8. b4
Bb6 9. b5 Na5 10. Nxe5 Nxc3 11. Nxc3 Bd4 12. Nxf7 Rxf7 13. Bxf7+ Kxf7 14. Qf3+
Kg8 15. Bd2 Be6 16. Rae1 Qd7 17. Re4 Rf8 18. Rf4 Bf6 19. Ne4 Qxb5 20. Nxf6+
Rxf6 21. Rxf6 gxf6 22. Qxf6 1-0

[Event "XXXI Festival A"]
[Site "Arco ITA"]
[Date "2009.10.17"]
[Round "1"]
[White "Cento, Claudio"]
[Black "Schaberg, Wolfgang"]
[Result "0-1"]
[WhiteElo "1661"]
[BlackElo "1943"]
[PlyCount "60"]
[EventDate "2009.10.17"]

1. e4 c5 2. Nf3 Nc6 3. d4 cxd4 4. Nxd4 Nf6 5. Nc3 d6 6. Be2 a6 7. O-O Qc7 8. a4
e6 9. Nb3 b6 10. f4 Be7 11. Kh1 O-O 12. Bf3 Bb7 13. Qe1 Nd7 14. g4 Nb4 15. Qf2
Rfd8 16. a5 d5 17. exd5 exd5 18. axb6 Nxb6 19. Nd4 Bc5 20. Be3 Rac8 21. Nce2
Nc4 22. Rfc1 Re8 23. Ra3 Nxa3 24. bxa3 Nc6 25. Nf5 Rxe3 26. Nxe3 Na5 27. Nc3
Nc4 28. Re1 Qxf4 29. Ncd1 Nxe3 30. Nxe3 d4 0-1

[Event "XXXI Festival A"]
[Site "Arco ITA"]
[Date "2009.10.17"]
[Round "1"]
[White "Ciola, Alberto"]
[Black "Franco Ocampos, Zenon"]
[Result "0-1"]
[WhiteElo "1920"]
[BlackElo "2505"]
[PlyCount "76"]
[EventDate "2009.10.17"]

1. d4 Nf6 2. c4 e6 3. Nc3 Bb4 4. Bd2 c5 5. e3 O-O 6. g3 d5 7. cxd5 cxd4 8. exd4
exd5 9. Bg2 Re8+ 10. Nge2 Bg4 11. Be3 Nc6 12. O-O Qd7 13. Qb3 Rad8 14. Nf4 Bxc3
15. Qxc3 Ne4 16. Qb3 Na5 17. Qb4 Nc4 18. Rfe1 h6 19. Nd3 Qf5 20. Ne5 Rxe5 21.
dxe5 Nxe5 22. Bf4 Nf3+ 23. Bxf3 Bxf3 24. Re3 Ng5 25. Bxg5 hxg5 26. Qd4 g4 27.
Rae1 Kh7 28. Qd3 Qxd3 29. Rxd3 d4 30. h3 f5 31. h4 Kg6 32. Rc1 Kf6 33. Rd2 g5
34. Rc4 gxh4 35. Rcxd4 Rc8 36. gxh4 Rc1+ 37. Kh2 Rh1+ 38. Kg3 Ke5 0-1

[Event "XXXI Festival A"]
[Site "Arco ITA"]
[Date "2009.10.17"]
[Round "1"]
[White "Dappiano, Andrea"]
[Black "Nania, Alberto"]
[Result "1-0"]
[WhiteElo "1975"]
[BlackElo "1704"]
[PlyCount "45"]
[EventDate "2009.10.17"]

1. c4 Nf6 2. Nc3 g6 3. g3 Bg7 4. Bg2 O-O 5. e4 d6 6. Nge2 Nbd7 7. O-O a6 8. d3
c5 9. Rb1 Rb8 10. a4 Ne8 11. d4 Nc7 12. dxc5 dxc5 13. Bf4 e6 14. Qd6 e5 15. Be3
Ne8 16. Qd2 Nc7 17. Rfd1 Re8 18. Bxc5 Bf8 19. Bxf8 Kxf8 20. b4 Qe7 21. c5 Nf6
22. Qd6 Bd7 23. Qxc7 1-0

[Event "XXXI Festival A"]
[Site "Arco ITA"]
[Date "2009.10.17"]
[Round "1"]
[White "De Nisi, Roberta"]
[Black "Wohl, Aleksandar H."]
[Result "0-1"]
[WhiteElo "1903"]
[BlackElo "2417"]
[PlyCount "64"]
[EventDate "2009.10.17"]

1. d4 g6 2. c4 Bg7 3. Nc3 d6 4. e4 e5 5. Be3 exd4 6. Bxd4 Nf6 7. Nd5 O-O 8.
Nxf6+ Bxf6 9. Bxf6 Qxf6 10. Qd2 Re8 11. f3 Be6 12. O-O-O Nc6 13. Be2 a5 14. h4
a4 15. Kb1 a3 16. b3 b5 17. Rc1 Nd4 18. Qc3 b4 19. Qa1 c5 20. Bd3 Qf4 21. Ne2
Nxe2 22. Bxe2 f5 23. h5 g5 24. h6 Ra7 25. Bd3 fxe4 26. fxe4 Bg4 27. Rhf1 Qd2
28. Bc2 Re5 29. Rf6 Rf7 30. Rxf7 Kxf7 31. Rf1+ Kg6 32. Rg1 Be2 0-1

[Event "XXXI Festival A"]
[Site "Arco ITA"]
[Date "2009.10.17"]
[Round "1"]
[White "De Polzer, Manfredi"]
[Black "Clech, Jean-Louis"]
[Result "0-1"]
[WhiteElo "1812"]
[BlackElo "2052"]
[PlyCount "50"]
[EventDate "2009.10.17"]

1. e4 Nc6 2. d4 d5 3. e5 Bf5 4. Nf3 e6 5. a3 f6 6. Bb5 Nge7 7. O-O Qd7 8. Bd2
a6 9. Ba4 b5 10. Bb3 Bg4 11. h3 Bxf3 12. Qxf3 Nxd4 13. Qh5+ g6 14. Qg4 fxe5 15.
Nc3 Bg7 16. Bg5 Nef5 17. Rfd1 h5 18. Rxd4 hxg4 19. Rxg4 Nd4 20. Rd1 c6 21. Kh1
Qf7 22. Be3 O-O-O 23. Rd2 Nxb3 24. cxb3 d4 25. Bg5 dxc3 0-1

[Event "XXXI Festival A"]
[Site "Arco ITA"]
[Date "2009.10.17"]
[Round "1"]
[White "Di Lazzaro, Gabriele"]
[Black "Lezzerini, Marco"]
[Result "1-0"]
[WhiteElo "1930"]
[BlackElo "1587"]
[PlyCount "29"]
[EventDate "2009.10.17"]

1. e4 c6 2. d4 d5 3. e5 Bf5 4. Nf3 e6 5. Be2 c5 6. O-O Nc6 7. c3 Qc7 8. Be3
Nge7 9. Qd2 Nc8 10. dxc5 Nxe5 11. Nxe5 Qxe5 12. Bf4 Qe4 13. Bb5+ Kd8 14. Re1
Qc2 15. Qxd5+ 1-0

[Event "XXXI Festival A"]
[Site "Arco ITA"]
[Date "2009.10.17"]
[Round "1"]
[White "Ferrari, Michele"]
[Black "De Andres Gonalons, Fernando"]
[Result "0-1"]
[WhiteElo "1827"]
[BlackElo "2088"]
[PlyCount "100"]
[EventDate "2009.10.17"]

1. d4 d5 2. e3 Nf6 3. Bd3 c5 4. c3 e6 5. Nd2 Nc6 6. f4 Bd6 7. Ngf3 Qb6 8. Ne5
Bd7 9. O-O cxd4 10. Nxd7 Nxd7 11. exd4 Nxd4 12. Kh1 Nc6 13. Qg4 g6 14. Nb3
O-O-O 15. Qe2 Qc7 16. Be3 Kb8 17. Qf2 f5 18. Nd4 Nxd4 19. Bxd4 Bc5 20. Rac1 Qb6
21. Rfe1 Bxd4 22. Qxd4 Qxd4 23. cxd4 Rc8 24. Rcd1 Rhe8 25. Bb5 Rc7 26. Rd2 Rec8
27. Rdd1 Nf6 28. Rxe6 Ne4 29. Kg1 Rc1 30. Rf1 R1c2 31. Bd7 R8c4 32. b3 R4c3 33.
a3 Rd2 34. Re7 Rcc2 35. Rxh7 Rxg2+ 36. Kh1 Nf6 37. Rh8+ Kc7 38. Be6 Kd6 39. Re1
Nh5 40. Rd8+ Kc7 41. Rc8+ Kb6 42. Rxc2 Rxc2 43. Bxd5 Nxf4 44. Bc4 Rd2 45. d5
Kc5 46. Kg1 Nh3+ 47. Kh1 g5 48. a4 f4 49. Re2 Rd1+ 50. Kg2 f3+ 0-1

[Event "XXXI Festival A"]
[Site "Arco ITA"]
[Date "2009.10.17"]
[Round "1"]
[White "Fragni, Enrico"]
[Black "Sprea, Giuseppe"]
[Result "0-1"]
[WhiteElo "1767"]
[BlackElo "2018"]
[PlyCount "106"]
[EventDate "2009.10.17"]

1. c3 d5 2. d3 c5 3. Nf3 Nc6 4. Bg5 Nf6 5. Nbd2 e5 6. e4 Be6 7. Be2 Be7 8. O-O
O-O 9. a4 Qb6 10. Qc2 Rfd8 11. Rfd1 Rac8 12. a5 Qc7 13. Qa4 a6 14. Nh4 h6 15.
Bxf6 Bxf6 16. Nf5 Ne7 17. Bg4 Nxf5 18. exf5 Bd7 19. Qc2 Re8 20. Bh3 Rcd8 21. c4
Bc6 22. cxd5 Bxd5 23. Ne4 Bxe4 24. dxe4 Rd4 25. Bg4 Red8 26. g3 Rxd1+ 27. Bxd1
Bg5 28. h4 Bd2 29. Bh5 Bb4 30. Kg2 Rd4 31. Bf3 Bxa5 32. b3 Bb4 33. g4 Qd8 34.
Rh1 Rd2 35. Qc4 Qd4 36. Qf1 b5 37. g5 c4 38. bxc4 Bc5 39. Kg3 bxc4 40. Rh2 a5
41. gxh6 gxh6 42. f6 a4 43. Qh3 Qd7 44. Bg4 Qd8 45. Rg2 Qxf6 46. Bf5 Kf8 47.
Qg4 Qg7 48. Qxg7+ Kxg7 49. Kh3+ Kf6 50. Rg8 a3 51. Rc8 Bd4 52. Rxc4 a2 53. Rc6+
Kg7 0-1

[Event "XXXI Festival A"]
[Site "Arco ITA"]
[Date "2009.10.17"]
[Round "1"]
[White "Galas, Franco"]
[Black "Ebeling, Jens"]
[Result "0-1"]
[WhiteElo "1792"]
[BlackElo "2047"]
[PlyCount "86"]
[EventDate "2009.10.17"]

1. d4 Nf6 2. Nf3 g6 3. c3 Bg7 4. e3 O-O 5. Bd3 d6 6. Nbd2 Nc6 7. h3 e5 8. dxe5
dxe5 9. Qc2 Nd5 10. Be4 Be6 11. Bxd5 Bxd5 12. e4 Be6 13. Nb3 b6 14. Be3 Bc4 15.
Rd1 Qe7 16. Nfd2 Ba6 17. a3 Rad8 18. c4 Nd4 19. Bxd4 exd4 20. O-O d3 21. Qb1
Qe5 22. Rde1 Qxb2 23. Qxb2 Bxb2 24. a4 Rfe8 25. f4 Bd4+ 26. Kh2 Bb7 27. g4 Bc6
28. a5 Bc3 29. axb6 axb6 30. Kg3 Ba4 31. Rc1 Bb4 32. Kf3 Bxb3 33. Nxb3 d2 34.
Nxd2 Rxd2 35. Kg3 Rxe4 36. Rf3 Rde2 37. h4 Bd6 38. Rcc3 Rd4 39. g5 Ree4 40. c5
bxc5 41. Rc2 Rxf4 42. Rcf2 Rxf3+ 43. Kxf3 Rf4+ 0-1

[Event "XXXI Festival A"]
[Site "Arco ITA"]
[Date "2009.10.17"]
[Round "1"]
[White "Gandolfi, Gianfranco"]
[Black "Dalponte, Dino"]
[Result "1/2-1/2"]
[WhiteElo "1861"]
[BlackElo "2138"]
[PlyCount "43"]
[EventDate "2009.10.17"]

1. e4 d6 2. d4 c6 3. a4 Nf6 4. Nc3 g6 5. h3 Bg7 6. Nf3 O-O 7. Be2 Qb6 8. a5 Qc7
9. O-O Nbd7 10. Be3 a6 11. Nd2 e5 12. dxe5 dxe5 13. Nc4 Re8 14. Qd3 Bf8 15. Na4
Bb4 16. c3 Bf8 17. Rfd1 c5 18. Nab6 Rb8 19. Nd5 Qc6 20. f3 Nh5 21. Qd2 Ng3 22.
Bd3 1/2-1/2

[Event "XXXI Festival A"]
[Site "Arco ITA"]
[Date "2009.10.17"]
[Round "1"]
[White "Gerhard, Walter"]
[Black "Terna, Giovanni"]
[Result "0-1"]
[WhiteElo "2012"]
[BlackElo "1766"]
[PlyCount "128"]
[EventDate "2009.10.17"]

1. d4 Nf6 2. Nf3 g6 3. c4 Bg7 4. g3 O-O 5. Bg2 d6 6. Nc3 Nbd7 7. O-O e5 8. e4
c6 9. h3 Re8 10. Re1 Qb6 11. b3 exd4 12. Na4 Qc7 13. Nxd4 Nc5 14. Nxc5 dxc5 15.
Bf4 Qa5 16. Nc2 Be6 17. Bd2 Qc7 18. Bc3 Rad8 19. Qe2 Qc8 20. Kh2 Ng4+ 21. hxg4
Bxc3 22. Ne3 Bxa1 23. Rxa1 Re7 24. f4 f6 25. Re1 Red7 26. Qb2 Rd4 27. f5 Bf7
28. Qa3 Rd2 29. Qxa7 Qd7 30. Qxc5 Rxa2 31. e5 fxe5 32. Qxe5 Re8 33. Qc3 Qd2 34.
Qxd2 Rxd2 35. Rd1 Rxd1 36. Nxd1 Rd8 37. Nf2 gxf5 38. gxf5 Rd2 39. Ne4 Rb2 40.
Nc5 b6 41. Nd7 Rxb3 42. Bxc6 Bxc4 43. Kh3 Rb2 44. Kh4 b5 45. Ne5 Kg7 46. Kg5
h6+ 47. Kf4 Bf7 48. g4 Rb4+ 49. Kf3 Kf6 50. Nd3 Rb3 51. Ke4 Rb1 52. Kd4 Bc4 53.
Nf2 Rg1 54. Bf3 Rf1 55. Ne4+ Ke7 56. Nd2 Rf2 57. Ke3 Rh2 58. Ne4 b4 59. Kd4 Bg8
60. f6+ Kf8 61. g5 hxg5 62. Nxg5 b3 63. Kc3 b2 64. f7 b1=Q 0-1

[Event "XXXI Festival A"]
[Site "Arco ITA"]
[Date "2009.10.17"]
[Round "1"]
[White "Giaracuni, Claudio"]
[Black "Mondon, Fabrice"]
[Result "1/2-1/2"]
[WhiteElo "1771"]
[BlackElo "2029"]
[PlyCount "77"]
[EventDate "2009.10.17"]

1. d4 Nf6 2. Nf3 e6 3. Bf4 d5 4. e3 c5 5. c4 Nc6 6. dxc5 Bxc5 7. Nc3 Qa5 8. Bd3
dxc4 9. Bxc4 Ne4 10. Qb3 Nxc3 11. bxc3 Qa3 12. Bb5 Bd7 13. O-O a6 14. Bxc6 Bxc6
15. Ne5 Qa4 16. Rab1 Qxb3 17. Rxb3 Ke7 18. Nxc6+ bxc6 19. Rb7+ Kf6 20. e4 Rhf8
21. Rd1 e5 22. Be3 Rad8 23. Rdd7 Rxd7 24. Rxd7 Rb8 25. h4 Ke6 26. Rc7 Bxe3 27.
fxe3 Rb6 28. Kh2 h5 29. Kh3 a5 30. g4 hxg4+ 31. Kxg4 g6 32. Kg5 Rb2 33. Rxc6+
Kd7 34. Ra6 Rxa2 35. Ra7+ Ke6 36. Ra6+ Ke7 37. Ra7+ Ke6 38. Ra6+ Ke7 39. Ra7+
1/2-1/2

[Event "XXXI Festival A"]
[Site "Arco ITA"]
[Date "2009.10.17"]
[Round "1"]
[White "Grant, Jonathan I.M."]
[Black "Marcori, Mirko"]
[Result "1-0"]
[WhiteElo "2249"]
[BlackElo "1878"]
[PlyCount "61"]
[EventDate "2009.10.17"]

1. c4 f5 2. Nf3 Nf6 3. g3 g6 4. Bg2 Bg7 5. O-O O-O 6. d4 c6 7. Nc3 d6 8. d5 e5
9. dxe6 Bxe6 10. Bf4 Bxc4 11. Bxd6 Re8 12. Re1 Ne4 13. Nxe4 fxe4 14. Nd2 Bd5
15. Bf4 Bxb2 16. Rb1 Bc3 17. Rxb7 Na6 18. Qc2 Nc5 19. Rbb1 Bxd2 20. Bxd2 Ne6
21. Be3 Ng7 22. Bd4 Nf5 23. Ba1 Qe7 24. e3 Qf7 25. g4 Ng7 26. Rb4 a5 27. Rb6
Rab8 28. Reb1 Rxb6 29. Rxb6 Rf8 30. Qb2 Qf6 31. Qxf6 1-0

[Event "XXXI Festival A"]
[Site "Arco ITA"]
[Date "2009.10.17"]
[Round "1"]
[White "Hasberger, Walter"]
[Black "Van Riemsdijk, Herman C."]
[Result "0-1"]
[WhiteElo "1894"]
[BlackElo "2385"]
[PlyCount "96"]
[EventDate "2009.10.17"]

1. e4 e5 2. Nc3 Nf6 3. f4 d5 4. fxe5 Nxe4 5. Qf3 Nxc3 6. dxc3 Be7 7. Be3 Nc6 8.
Bb5 O-O 9. O-O-O Nxe5 10. Rxd5 Nxf3 11. Rxd8 Rxd8 12. Nxf3 Be6 13. a3 h6 14.
Rf1 c5 15. Be2 Bd5 16. g3 b6 17. c4 Be4 18. Ne5 Bf6 19. Nd3 Bd4 20. Bxd4 Rxd4
21. b3 Re8 22. Kb2 g5 23. Kc3 Bg6 24. Rf2 Kg7 25. b4 Re3 26. Kd2 Ree4 27. bxc5
bxc5 28. Bf3 Re6 29. Bd5 Ra6 30. Kc3 Bxd3 31. cxd3 f6 32. Ra2 f5 33. a4 h5 34.
a5 h4 35. Bb7 Re6 36. gxh4 Re3 37. Rd2 g4 38. Bc8 Kg6 39. Rf2 Rdxd3+ 40. Kc2
Rc3+ 41. Kb2 Rb3+ 42. Ka2 Ra3+ 43. Kb2 Reb3+ 44. Kc1 Ra1+ 45. Kc2 Rf3 46. Rd2
Ra2+ 47. Kd1 Rxd2+ 48. Kxd2 Kh5 0-1

[Event "XXXI Festival A"]
[Site "Arco ITA"]
[Date "2009.10.17"]
[Round "1"]
[White "Innocenti, Sandro"]
[Black "Grom, Waldemar"]
[Result "1/2-1/2"]
[WhiteElo "1701"]
[BlackElo "1957"]
[PlyCount "139"]
[EventDate "2009.10.17"]

1. e4 c5 2. Nf3 e6 3. d4 cxd4 4. Nxd4 a6 5. Be2 Nf6 6. Nc3 Qc7 7. O-O Bb4 8.
Qd3 d6 9. a3 Bc5 10. Nb3 Nbd7 11. Bf4 Ne5 12. Bxe5 dxe5 13. Nxc5 Qxc5 14. Rfd1
O-O 15. Qd6 Qa7 16. Qxe5 Bd7 17. Qd4 Bc6 18. Qxa7 Rxa7 19. e5 Nd7 20. f4 Nb6
21. Rd2 Raa8 22. Rad1 Bd5 23. Kf2 f6 24. exf6 Rxf6 25. g3 g5 26. Rd4 Raf8 27.
Ke3 gxf4+ 28. Rxf4 Bc6 29. Rdf1 Kg7 30. Rxf6 Rxf6 31. Rxf6 Kxf6 32. Bd3 h6 33.
Kf4 e5+ 34. Ke3 Ke6 35. b3 Nd7 36. Be4 Nf6 37. Bxc6 bxc6 38. h3 a5 39. g4 Nd7
40. Ne4 Nb6 41. c4 Ke7 42. Nc5 Kf6 43. h4 Nc8 44. Nb7 a4 45. bxa4 Nb6 46. Nd6
Nxa4 47. Ne4+ Ke6 48. Kd3 Nb2+ 49. Kc3 Nd1+ 50. Kb4 Ne3 51. Nf2 Nc2+ 52. Kb3
Nd4+ 53. Kc3 Nf3 54. a4 Kd7 55. h5 Ng5 56. Kd3 Kc7 57. Ne4 Nf7 58. c5 Kb8 59.
Nd6 Ng5 60. Nf5 Ka7 61. Nxh6 Ka6 62. Nf5 Ka5 63. Ne7 Kxa4 64. Nxc6 e4+ 65. Ke3
Kb5 66. Ne7 Kxc5 67. h6 Kd6 68. Nf5+ Ke5 69. Ng3 Nf7 70. Nxe4 1/2-1/2

[Event "XXXI Festival A"]
[Site "Arco ITA"]
[Date "2009.10.17"]
[Round "1"]
[White "Isatto, Davide"]
[Black "Tovazzi, Maurizio"]
[Result "1-0"]
[WhiteElo "1942"]
[BlackElo "1643"]
[PlyCount "77"]
[EventDate "2009.10.17"]

1. e4 e5 2. d4 exd4 3. c3 c5 4. Bc4 Nc6 5. Nf3 Be7 6. O-O h5 7. b4 d6 8. Qb3
Nh6 9. Bxh6 Rxh6 10. Bxf7+ Kf8 11. cxd4 cxd4 12. Na3 Bg4 13. Bd5 Rf6 14. Ng5
Rh6 15. Nf7 Qb6 16. Nxh6 gxh6 17. h3 Be2 18. Qg3 Bg5 19. Qxd6+ Ne7 20. Qxb6
axb6 21. Rfe1 d3 22. Nc4 Nxd5 23. exd5 Bf6 24. Rab1 Rxa2 25. Ne3 h4 26. Rec1
Ke8 27. Rc7 Bd4 28. Nf5 Bxf2+ 29. Kxf2 Bg4+ 30. Kg1 Bxf5 31. Re1+ Kd8 32. Rf7
d2 33. Rd1 Bd3 34. Rf2 Bc4 35. Rfxd2 Rxd2 36. Rxd2 b5 37. Kf2 Kd7 38. d6 Ke6
39. d7 1-0

[Event "XXXI Festival A"]
[Site "Arco ITA"]
[Date "2009.10.17"]
[Round "1"]
[White "Kern, Beat"]
[Black "Orlandi, Stefano"]
[Result "1-0"]
[WhiteElo "1651"]
[BlackElo "1948"]
[PlyCount "35"]
[EventDate "2009.10.17"]

1. Nf3 f5 2. d4 e6 3. c4 Nf6 4. Nc3 Bb4 5. Bd2 O-O 6. e3 b6 7. Qb3 Bxc3 8. Bxc3
Bb7 9. Be2 Qe8 10. O-O Ne4 11. Nd2 Nxd2 12. Bxd2 Qg6 13. f3 d6 14. Rac1 Nd7 15.
Qc2 Rae8 16. b4 c5 17. Qa4 a6 18. Qxd7 1-0

[Event "XXXI Festival A"]
[Site "Arco ITA"]
[Date "2009.10.17"]
[Round "1"]
[White "Kierzek, Matthias"]
[Black "Kummer, Heinz"]
[Result "1-0"]
[WhiteElo "2154"]
[BlackElo "1863"]
[PlyCount "57"]
[EventDate "2009.10.17"]

1. d4 g6 2. e4 Bg7 3. c4 Nc6 4. Nf3 d6 5. d5 Ne5 6. Nxe5 Bxe5 7. f4 Bg7 8. Bd3
Nh6 9. Nc3 f5 10. e5 dxe5 11. fxe5 Ng4 12. e6 O-O 13. Be2 Qd6 14. Bxg4 Bxc3+
15. bxc3 fxg4 16. Qd4 c6 17. Rf1 Rxf1+ 18. Kxf1 Qxh2 19. Qxg4 Qe5 20. Bg5 Qxc3
21. Rd1 Qg7 22. Qh4 cxd5 23. cxd5 b6 24. Bxe7 Ba6+ 25. Kg1 Be2 26. Bf6 Qc7 27.
d6 Qc2 28. Rd4 Qf5 29. d7 1-0